Celebrity tak trochu "pod linkou"

Spájanie značky so známymi osobnosťami či spoločenskými udalosťami. Značka Audi a podpora športových, spoločenských a kultúrnych podujatí. Spolupráca známych osobností so značkou Audi. Exkluzivita a jedinečnosť. Netradičná spolupráca s hviezdami.

Salvato in:
Dettagli Bibliografici
Autore principale: Hauptmann, Jíři
Natura: Capitolo di libro
Lingua:ceco
Soggetti:
Tags: Aggiungi Tag
Nessun Tag, puoi essere il primo ad aggiungerne!!

MARC

LEADER 00000naa$a2200000$$$4500
001 0054339
005 20231016105831.7
041 0 |a cze 
044 |a CZ 
245 1 0 |a Celebrity tak trochu "pod linkou"  |c Jíři Hauptmann 
520 |a Spájanie značky so známymi osobnosťami či spoločenskými udalosťami. Značka Audi a podpora športových, spoločenských a kultúrnych podujatí. Spolupráca známych osobností so značkou Audi. Exkluzivita a jedinečnosť. Netradičná spolupráca s hviezdami. 
610 2 0 |a marketing 
610 2 0 |a reklama 
610 2 0 |a značky výrobkov 
610 2 0 |a firmy 
610 2 0 |a podpora predaja 
610 2 0 |a úžitok 
100 1 |a Hauptmann, Jíři